00479nam a2200181 a 4500001001300000003000900013005001700022008004100039020002300080082001600103100002800119245003000147260003300177300000900210500003500219505001000254650003300264nice12345678IN_TiNIC20260116013200.0050524s1990 newa grp 000 0 eng  a0883448 c62100a291.43bCAR aCarmody, Denise Lardner aPrayer in World Religions aNew YorkbOrbis Books c1990 a168p aincludes index and biblioraphy2 aindex aComparative Religion-Prayers